000 00497cam a22001932a 4500
001 017753
003 AR-FADEU
008 311216n2003####xxu####################dd
020 _a950-527-826-8
092 _aD344
_bC728
100 _aComadira, Julio Rodolfo
245 _aEl acto administrativo : en la Ley Nacional de procedimientos administrativos
260 _aBuenos Aires
260 _bLa Ley
260 _c2003
300 _a310 p
650 _aACTO ADMINISTRATIVO
942 _cBDGR
999 _c23500
_d23500